[Event "AUT-ch U14"]
[Site "St Veit"]
[Date "2019.06.10"]
[Round "5.13"]
[White "Radman, Fernando"]
[Black "Kipman, Filip"]
[Result "1-0"]
[WhiteElo "990"]
[BlackElo "1313"]
[PlyCount "47"]
[EventDate "2019.06.08"]
[EventType "swiss"]
[EventRounds "7"]
[EventCountry "AUT"]
[SourceTitle "EXT 2024"]
[Source "ChessBase"]
[SourceDate "2023.10.10"]
[SourceVersion "1"]
[SourceVersionDate "2023.10.10"]
[SourceQuality "1"]

1. e4 c5 2. d4 cxd4 3. c3 dxc3 4. Nxc3 Nc6 5. Nf3 d6 6. Bc4 Nf6 7. e5 Nxe5 8. Nxe5 dxe5 9. Bxf7+ Kxf7 10. Qxd8 e6 11. Qc7+ Be7 12. Qxe5 b6 13. 0-0 Ba6 14. Re1 Bc8 15. Nb5 Rd8 16. Nc7 Bd6 17. Qc3 Bxc7 18. Qxc7+ Rd7 19. Qc4 Rd6 20. Bf4 Rd5 21. Qc6 Rf5 22. Qxa8 Bd7 23. Bg3 Ra5 24. a3 1-0

[Event "AUT-ch U14"]
[Site "St Kanzian"]
[Date "2018.05.19"]
[Round "1.12"]
[White "Kipman, Filip"]
[Black "Wickramasinghe, Nathaniel"]
[Result "0-1"]
[WhiteElo "1323"]
[BlackElo "1459"]
[PlyCount "60"]
[EventDate "2018.05.19"]
[EventType "swiss"]
[EventRounds "7"]
[EventCountry "AUT"]
[SourceTitle "EXT 2024"]
[Source "ChessBase"]
[SourceDate "2023.10.10"]
[SourceVersion "1"]
[SourceVersionDate "2023.10.10"]
[SourceQuality "1"]

1. e4 e5 2. Nf3 Nc6 3. Nc3 Nf6 4. d4 exd4 5. Nxd4 Bc5 6. Be3 Bb4 7. Nxc6 bxc6 8. Bd3 d5 9. exd5 cxd5 10. Qe2 0-0 11. Qf3 Bg4 12. Qf4 Bd6 13. Qd4 c5 14. Qa4 d4 15. Bg5 dxc3 16. Bxf6 Qxf6 17. Qxg4 cxb2 18. Rb1 Qc3+ 19. Kd1 Rad8 20. Qh3 g6 21. Qe3 c4 22. Qe1 Bb4 23. Qxc3 Bxc3 24. Ke2 Rfe8+ 25. Kf3 cxd3 26. cxd3 Rxd3+ 27. Kg4 Re4+ 28. f4 f5+ 29. Kg5 Kg7 30. Rhf1 Bf6# 0-1

[Event "AUT-ch U12"]
[Site "St Veit"]
[Date "2017.06.05"]
[Round "6.9"]
[White "Kipman, Filip"]
[Black "Karner, Daniel"]
[Result "0-1"]
[WhiteElo "1366"]
[BlackElo "1318"]
[PlyCount "116"]
[EventDate "2017.06.03"]
[EventType "swiss"]
[EventRounds "7"]
[EventCountry "AUT"]
[SourceTitle "EXT 2024"]
[Source "ChessBase"]
[SourceDate "2023.10.10"]
[SourceVersion "1"]
[SourceVersionDate "2023.10.10"]
[SourceQuality "1"]

1. e4 e5 2. Nf3 Nc6 3. d4 exd4 4. Bc4 Na5 5. Qxd4 Nxc4 6. Qxc4 Nf6 7. Nc3 c6 8. e5 d5 9. exd6 Bxd6 10. h3 Be6 11. Qe2 0-0 12. 0-0 Re8 13. Bg5 Bxh3 14. Qd3 Be6 15. Bxf6 gxf6 16. Ne4 Bf5 17. Qxd6 Bxe4 18. Qg3+ Bg6 19. Rad1 Qb8 20. Qg4 Qc8 21. Qg3 Qf5 22. Nd4 Qe5 23. Qg4 h5 24. Qf3 Be4 25. Qe3 Qg5 26. Qh3 Qg4 27. f3 Qxh3 28. gxh3 Bd5 29. b3 Rad8 30. c4 Be6 31. Nxe6 fxe6 32. Kg2 Kf7 33. Kg3 Kg6 34. Kh4 e5 35. Rg1+ Kh6 36. c5 Rd4+ 37. Rxd4 exd4 38. Rd1 Rd8 39. Rd3 b6 40. cxb6 axb6 41. a3 c5 42. a4 Rd7 43. Kg3 Kg5 44. Rd2 h4+ 45. Kg2 Kf4 46. Kf2 d3 47. b4 c4 48. a5 bxa5 49. bxa5 Ra7 50. Ra2 c3 51. Ra4+ Kg5 52. Ke1 Re7+ 53. Re4 Rb7 54. Rc4 d2+ 55. Ke2 Rb1 56. Rd4 c2 57. Rg4+ Kf5 58. Kxd2 c1Q+ 0-1

[Event "AUT-ch U08"]
[Site "Linz"]
[Date "2013.06.01"]
[Round "4"]
[White "Vinatzer, Maximilian"]
[Black "Kipman, Filip"]
[Result "1/2-1/2"]
[WhiteElo "938"]
[BlackElo "959"]
[PlyCount "114"]
[EventDate "2013.05.31"]
[EventType "swiss"]
[EventRounds "7"]
[EventCountry "AUT"]
[SourceTitle "EXT 2015"]
[Source "ChessBase"]
[SourceDate "2014.11.20"]
[SourceVersion "1"]
[SourceVersionDate "2014.11.20"]
[SourceQuality "1"]

1. c4 e5 2. Nc3 Nf6 3. d3 Bc5 4. Bd2 0-0 5. g3 d6 6. Bg2 Bf5 7. Nf3 Nc6 8. 0-0 Qe7 9. e3 Rae8 10. e4 Bg4 11. Qc2 Bxf3 12. Bxf3 Nd4 13. Qd1 Nxf3+ 14. Qxf3 Qe6 15. Rab1 Qg4 16. Qxg4 Nxg4 17. Nb5 c6 18. Nc3 Bb4 19. a3 Ba5 20. b4 Bb6 21. c5 dxc5 22. bxc5 Bxc5 23. h3 Nf6 24. Be3 Bxa3 25. Bg5 Nd7 26. Rbd1 Bb4 27. Rc1 f6 28. Be3 Bc5 29. Bxc5 Nxc5 30. Rcd1 f5 31. d4 Nxe4 32. Nxe4 fxe4 33. dxe5 Rxe5 34. f4 Ree8 35. g4 e3 36. Rfe1 Rxf4 37. Rd3 e2 38. Kg2 Rf1 39. Rxf1 exf1Q+ 40. Kxf1 Rf8+ 41. Ke2 b5 42. Rd6 c5 43. Rd7 c4 44. Rxa7 Rf6 45. g5 Re6+ 46. Kd2 Rd6+ 47. Kc3 Rd3+ 48. Kb4 h6 49. gxh6 gxh6 50. Ra6 Rb3+ 51. Ka5 Rxh3 52. Kxb5 c3 53. Ra3 Rh5+ 54. Kb4 Rh4+ 55. Kxc3 Rh3+ 56. Kb2 Rxa3 57. Kxa3 h5 1/2-1/2